Cataluña y sus hombres en la invasión napoleónica /
Descripción Física:
14 p. : il. ; 31 cm
Idioma:
Español
MARC
| LEADER | 00000nam a2200000Ia 4500 | ||
|---|---|---|---|
| 001 | 8295 | ||
| 008 | 160829s1955 spcaxx s spa c | ||
| 080 | |a FU-23-25 | ||
| 100 | 1 | |a Voltes Bou, Pere, |d 1926-2009 |9 22645 | |
| 245 | 1 | 0 | |a Cataluña y sus hombres en la invasión napoleónica / |c Pedro Voltes |
| 260 | |a Barcelona : |b Diputació de Barcelona, |c 1955 | ||
| 300 | |a 14 p. : |b il. ; |c 31 cm | ||
| 500 | |a Esta monografía fué distinguida con mención de honor en el concurso San Jorge 1955, de trabajos monográficos. Su autor, Pedro Voltes Bou, doctor en Filosofía y Letras y Licenciado en Derecho y en Ciencias Políticas, es una de las figuras más relevantes en el campo del periodismo y de la investigación histórica en nuestra ciudad. | ||
| 590 | |a Menció d'honor en el concurs San Jorge 1955, de treballs monogràfics | ||
| 650 | |a Catalunya |x Història |x 1808/1814, Invasió napoleònica |9 40897 | ||
| 901 | |a Arxiu | ||
| 942 | |n 1 |2 udc |c ARXIU | ||
| 952 | |0 0 |1 0 |4 0 |6 FU2325 |7 1 |9 42852 |a Arxiu |b Arxiu |d 2016-12-01 |o FU-23-25 |p 8295 |r 2016-12-01 00:00:00 |w 2016-12-01 |y ARXIU |z També disponible a Rev-510 i Rev-524 | ||
| 999 | |c 45358 |d 45358 | ||